Top U.S. Male Names by Letter - C - Statistics

General Stats
  • This quiz has been taken 89 times
  • The average score is 38 of 100
Answer Stats
Answer % Correct
Charles
90%
Chris
87%
Christopher
84%
Cristopher
84%
Charlie
82%
Cameron
74%
Camron
74%
Carl
74%
Christian
72%
Cristian
72%
Conner
66%
Connor
66%
Conor
66%
Colin
65%
Collin
65%
Carter
62%
Cole
62%
Carlo
59%
Carlos
59%
Chad
57%
Cody
54%
Chuck
51%
Corey
51%
Cory
51%
Curt
51%
Calvin
50%
Colt
50%
Carson
49%
Chase
49%
Cade
47%
Caden
47%
Caiden
47%
Cale
47%
Cayden
47%
Case
46%
Colten
46%
Colton
46%
Craig
46%
Cedric
44%
Chance
44%
Clay
44%
Curtis
44%
Callum
43%
Cash
43%
Chester
43%
Clayton
40%
Cain
38%
Caleb
38%
Clint
37%
Cooper
37%
Carey
34%
Cary
34%
Cecil
34%
Corbin
34%
Camden
32%
Casey
32%
Clifford
32%
Clyde
32%
Coby
32%
Chandler
31%
Clark
31%
Colby
31%
Clinton
29%
Cyrus
29%
Conrad
28%
Clarence
25%
Cruz
25%
Carlton
24%
Carmen
24%
Chaz
24%
Claude
21%
Crew
21%
Cason
19%
Cullen
19%
Chadwick
18%
Colson
18%
Callan
16%
Callen
16%
Cannon
16%
Cesar
16%
Clifton
15%
Cornell
15%
Cassius
13%
Cohen
13%
Courtney
13%
Coy
13%
Cairo
12%
Carmine
12%
Channing
12%
Cornelius
12%
Camilo
10%
Cristobal
10%
Carmelo
9%
Carroll
7%
Cleveland
7%
Coleman
7%
Colter
7%
Chaim
6%
Cordell
4%
Cortez
4%
No matching quizzes found
Score Distribution
Percent of People with Each Score
Percentile by Number Answered
Your Score History
You have not taken this quiz